A collector's guide to clocks
| Main Author: | |
|---|---|
| Format: | Book |
| Published: |
London :
The Apple Press ,
1992
|
| Subjects: |
MARC
| LEADER | 00000cam a2200000 7i4500 | ||
|---|---|---|---|
| 001 | 0000000170 | ||
| 002 | 000000231 | ||
| 005 | 20000330.0 | ||
| 020 | |a 185076302X | ||
| 090 | 0 | 0 | |a 681.113 |b ROB |
| 100 | 1 | |a Roberts, Derek | |
| 245 | 1 | 2 | |a A collector's guide to clocks |c Derek Robert |
| 260 | |a London : |b The Apple Press , |c 1992 | ||
| 300 | |a 128p. : |b ill. ; |c 28cm. | ||
| 650 | 0 | 0 | |a Clocks and watches |x Private collections |
| 999 | |a 027497 |b BUKU |c PINJAMAN |e PERPUSTAKAAN KOMUNITI PETALING JAYA | ||